000 00316nam a2200121Ia 4500
008 190905s9999||||xx |||||||||||||| ||und||
020 _a978-93-325-8466-2
100 _aK.N.Shubhanga
245 0 _aPower System Analysis , A Dynamic Perspective
260 _aNew Delhi
_bPearson
_c2018
300 _a784
942 _cBK
999 _c5881
_d5881